000 01782nam0a2200421 i 4500
001 RU\NLR\BIBL_A\011141350
005 20260405095119.0
010 _a9785971028680
021 _aRU
_b2016-38150
_92455
035 _a(NILC)RuMoRGB-008481444
035 _a(NLR Aleph) 011141350
090 _a11620661
_c11620661
100 _a20160530d2016 um y0rusy50 ca
101 0 _arus
102 _aRU
105 _aa|||z|||000yy
200 1 _aЧувство времени - ключ к успеху
_eвремя вокруг нас и внутри нас
_fИ. С. Бреслав, Л. А. Брянцева
210 _aМосква
_cURSS
_cЛЕНАНД
_d2016
215 _a239 с.
_cил., табл.
_d22
300 _aНа 4-й с. обл. авт.: И. С. Бреслав д.м.н., проф., Л. А. Брянцева к.м.н.
320 _aБиблиогр.: с. 238-239
320 _aДр. работы авт.: с. 239
517 1 _aВремя вокруг нас и внутри нас
606 1 _aФизиологические процессы
_xРитм
_91144693
_3RU\NLR\AUTH\66137681
606 _aБюджет времени
_xУправление
_xСоциально-психологические исследования
_92072830
_3RU\NLR\AUTH\661247685
610 0 _aбиологические часы
675 _a612
686 1 _aС550.471
686 1 _aС550.354
686 1 _aЮ935.113.921
686 1 _aЕ903,11
700 1 _8rus
_7ca
_aБреслав
_bИ. С.
_gИсаак Соломонович
_3RU\NLR\AUTH\7735634
_918631
701 1 _aБрянцева
_bЛ. А.
_gЛюдмила Алексеевна
801 0 _aRU
_bРГБ
_c20160510
_gRCR
942 _cBOOK
980 _aNBR